| 000 | 01082nam a22002897a 4500 | ||
|---|---|---|---|
| 999 |
_c595 _d595 |
||
| 001 | 001752 | ||
| 003 | CoMeUDC001752 | ||
| 005 | 20211027123429.0 | ||
| 008 | 080715s2008 ck grl 00110 spa d | ||
| 015 | _ack-2008-xxxx | ||
| 020 | _a9789583506581 | ||
| 040 |
_aCO-BoBLA _bspa _cCoMeUDC |
||
| 043 | _as-ck--- | ||
| 082 | 0 | 4 |
_a342.02 _bR696 _221 |
| 100 |
_aRodríguez Rodríguez, Libardo. _d1949- _9933 |
||
| 245 | 1 | 0 |
_aDerecho administrativo : _bgeneral y colombiano / _cLibardo Rodríguez Rodríguez. |
| 250 |
_a16a. ed., _brevisada, ampliada y puesta al día. |
||
| 260 | 3 |
_aBogotá : _bEditorial Temis, _c2008. |
|
| 300 |
_axxxvii, 635 p. ; _c24 cm. + _e1 CD-Rom. |
||
| 500 | _aEl CD-Rom contiene archivos en PDF con cada uno de los documentos citados en los pie de página del libro y referencias bibliográficas de varios libros. | ||
| 504 | _aIncluye bibliografía e índices. | ||
| 650 | _aDerecho administrativo. | ||
| 650 |
_aDerecho administrativo _z Colombia. |
||
| 651 | 4 |
_aColombia _x Administración pública. |
|
| 942 |
_2ddc _cBK |
||
| 949 |
_ac _bc |
||